LEADER 06904oam 22006254a 450 001 9911072424003321 005 20250709222202.0 010 $a9782760549333 010 $a276054933X 035 $a(CKB)4100000011136519 035 $a(OCoLC)1153882262 035 $a(MdBmJHUP)muse84331 035 $a(MiAaPQ)EBC6178454 035 $a(Au-PeEL)EBL6178454 035 $a(PPN)244327955 035 $a(MiAaPQ)EBC30755747 035 $a(FR-PaCSA)88883915 035 $a(FRCYB88883915)88883915 035 $a(BIP)75798033 035 $a(EXLCZ)994100000011136519 100 $a20180423d2018 uy 0 101 0 $afre 135 $aur|||||||nn|n 181 $ctxt$2rdacontent 182 $cc$2rdamedia 183 $acr$2rdacarrier 200 14$aUne introduction à la biostatistique, 2e édition$fRaluca Balan, Gilles Lamothe ; traduit par Didier Alexandre Bilodeau et Rachid Bentoumi 205 $a2e e?dition. 210 1$aQue?bec (Que?bec) :$cPresses de l'Universite? du Que?bec,$d [2018] 210 3$aBaltimore, Md. :$cProject MUSE,$d2021 210 4$d© [2018] 215 $a1 online resource (1 ressource en ligne 346 pages) $cillustrations) 311 08$a9782760549326 311 08$a2760549321 327 $aPage couverture -- Titre -- Cre?dits -- Table des matie?res -- Liste des figures -- Liste des tableaux -- Avant-propos a? la premie?re e?dition -- Avant-propos a? la deuxie?me e?dition -- Partie 1 - PROBABILITE? -- Chapitre 1 - Introduction aux probabilite?s -- 1.1 - Interpre?ter les probabilite?s -- 1.2 - Les diagrammes en arbre et les carre?s de Punnett -- 1.3 - Exercices -- Chapitre 2 - Les axiomes de probabilite? -- 2.1 - Les diagrammes de Venn -- 2.2 - La re?gle d'addition -- 2.3 - Exercices -- Chapitre 3 - La probabilite? conditionnelle -- 3.1 - De?finition -- 3.2 - Les tests diagnostiques -- 3.3 - La re?gle de la multiplication -- 3.4 - La formule de Bayes -- 3.5 - Les e?ve?nements inde?pendants -- 3.6 - Exercices -- Chapitre 4 - Les variables ale?atoires discre?tes -- 4.1 - De?finition -- 4.2 - La loi binomiale -- 4.3 - Exercices -- Chapitre 5 - Les variables ale?atoires continues -- 5.1 - De?finition -- 5.2 - La loi normale -- 5.3 Exercices -- Chapitre 6 - Exercices supple?mentaires (Probabilite?) -- Partie 2 - STATISTIQUE -- Chapitre 7 - Introduction a? la statistique -- 7.1 - L'e?chantillonnage ale?atoire et la description de donne?es -- 7.2 - La distribution d'e?chantillonnage et l'estimation ponctuelle -- 7.3 - Ve?rifier la normalite? -- 7.4 - Exercices -- Chapitre 8 - Les intervalles de confiance -- 8.1 - Les intervalles de confiance pour la moyenne: grand e?chantillon -- 8.2 - Les intervalles de confiance pour la moyenne: petit e?chantillon -- 8.3 - Les intervalles de confiance pour la proportion -- 8.4 - Exercices -- Chapitre 9 - Le test d'hypothe?se -- 9.1 - Le test d'hypothe?se pour la moyenne: grand e?chantillon -- 9.2 - Le test d'hypothe?se pour la moyenne: petit e?chantillon -- 9.3 - Le test d'hypothe?se pour la proportion -- 9.4 - Exercices -- Chapitre 10 - La comparaison de deux e?chantillons inde?pendants -- 10.1 - Le plan d'expe?rience ou d'e?tude. 327 $a10.2 - Comparer deux moyennes: grands e?chantillons -- 10.3 - Comparer deux moyennes: petits e?chantillons -- 10.4 - Les intervalles de confiance et les tests pour les proportions -- 10.5 - Exercices -- Chapitre 11 - Les e?chantillons apparie?s -- 11.1 - Les intervalles de confiance pour µD -- 11.2 - Le test d'hypothe?se pour µ D -- 11.3 - Exercices -- Chapitre 12 - Les donne?es cate?gorielles -- 12.1 - Le test d'inde?pendance -- 12.2 - Le test d'homoge?ne?ite? -- 12.3 - Exercices -- Chapitre 13 - La re?gression et la corre?lation -- 13.1 - La covariance et la corre?lation de l'e?chantillon -- 13.2 - La droite des moindres carre?s -- 13.3 - Exercices -- Chapitre 14 - Exercices supple?mentaires (Statistique) -- Partie 3 - SUJETS SUPPLE?MENTAIRES -- Chapitre 15 - La taille de l'e?chantillon et la puissance -- 15.1 - L'erreur maximale de l'estimation -- 15.2 - La puissance d'un test d'hypothe?se -- Chapitre 16 - Les me?thodes non parame?triques -- 16.1 - L'infe?rence concernant la me?diane -- 16.2 - La comparaison de deux populations inde?pendantes -- Partie 4 - LES SOLUTIONS ET DES TABLEAUX -- Chapitre 17 - Les solutions des proble?mes impairs -- Chapitre 18 - Tableaux -- Bibliographie -- Index -- Quatrie?me de couverture. 330 $aLa biostatistique (aussi connue sous le nom de «?biome?trie?») consiste en l'appli­­cation des me?thodes quantitatives a? la biologie. La connaissance de certains concepts de base de la the?orie de la statistique et des probabilite?s est ne?cessaire pour l'analyse statistique des donne?es rencontre?es dans les sciences biologiques et de la sante?. Pre?voir l'impre?visible?: une introduction a? la biostatistique pre?sente ces concepts. Me?me si l'objectif de cet ouvrage est de traiter de la statistique, les auteurs y discutent longuement des me?thodes probabilistes. Les outils mathe?matiques avance?s, tels que l'inte?gration, sont traite?s brie?vement?; l'accent est mis sur les exemples. Certains d'entre eux attirent l'attention sur divers proble?mes lie?s a? l'environnement - entre autres le changement climatique et la perte de ­biodiversite? - et sur leurs re?percussions sur la faune et les humains. Les exemples sont simples, de sorte que le lecteur peut apprendre rapidement et voir l'utilite? de diverses me?thodes statistiques et probabilistes. Cette version actualise?e traite de nouveaux sujets - tels que la puissance, le calcul de la taille de l'e?chantillon et les me?thodes non parame?triques - et com­prend un vaste re?pertoire d'exercices. Plusieurs sections de cette e?dition sont accompagne?es d'un composant technologique contenant des instructions utilisant le langage de programmation R pour le calcul statistique et les graphiques. Les e?tudiants en biologie y trouveront une pre?cieuse introduction au rai­son­ne­ment et a? la mode?lisation statistique, des concepts cle?s de la biologie moderne. 606 $aStatistiques$vManuels d'enseignement supe?rieur 606 $aProbabilite?s$vManuels d'enseignement supe?rieur 606 $aBiome?trie$vManuels d'enseignement supe?rieur 608 $aManuels d'enseignement supe?rieur. 608 $aLivres nume?riques. 615 0$aStatistiques 615 0$aProbabilite?s 615 0$aBiome?trie 676 $a158.7 700 $aBalan$b Raluca M$01900140 701 $aBalan$b Raluca M$01900140 702 $aLamothe$b Gilles$f1971- 801 0$bMdBmJHUP 801 1$bMdBmJHUP 906 $aBOOK 912 $a9911072424003321 996 $aUne introduction à la biostatistique, 2e édition$94559864 997 $aUNINA